Princess, Princess / (Record no. 48813)
| 000 -LEADER | |
|---|---|
| fixed length control field | 00323nam a2200121 4500 |
| 020 ## - INTERNATIONAL STANDARD BOOK NUMBER | |
| International Standard Book Number | 9780744592665 |
| 100 ## - MAIN ENTRY--PERSONAL NAME | |
| Personal name | Dale, Penny, |
| Relator term | author. |
| 9 (RLIN) | 86221 |
| 245 ## - TITLE STATEMENT | |
| Title | Princess, Princess / |
| Statement of responsibility, etc | By Penny Dale. |
| 260 ## - PUBLICATION, DISTRIBUTION, ETC. (IMPRINT) | |
| Place of publication, distribution, etc | London ; |
| Name of publisher, distributor, etc | Walker Books Ltd. ; |
| Date of publication, distribution, etc | 2003. |
| 300 ## - PHYSICAL DESCRIPTION | |
| Extent | 32 pages. |
| 650 ## - SUBJECT ADDED ENTRY--TOPICAL TERM | |
| 9 (RLIN) | 48904 |
| Topical term or geographic name as entry element | fairy tale |
| 942 ## - ADDED ENTRY ELEMENTS (KOHA) | |
| Source of classification or shelving scheme | |
| Koha item type | Book |
| Withdrawn status | Lost status | Source of classification or shelving scheme | Damaged status | Not for loan | Home library | Current library | Date acquired | Total Checkouts | Full call number | Barcode | Checked out | Date last seen | Date checked out | Price effective from | Koha item type |
|---|---|---|---|---|---|---|---|---|---|---|---|---|---|---|---|
| Logos International School | Logos International School | 04/07/2025 | 3 | E DAL | 040597 | 08/19/2026 | 04/02/2026 | 04/02/2026 | 04/07/2025 | Book |